| Tag |
First Indicator |
Second Indicator |
Subfields |
| LEADER |
00000cam a2200000 a 4500 |
| 001 |
in00000071022 |
| 005 |
20201008150046.0 |
| 008 |
810720s1981 mauaf b 001 0beng |
| 010 |
|
|
|a 81006756
|
| 035 |
|
|
|a (OCoLC)ocm07672079
|
| 035 |
|
|
|a (OCoLC)07672079
|
| 035 |
|
|
|9 AAJ9341AM
|
| 040 |
|
|
|a DLC
|b eng
|c DLC
|d OCL
|d BTCTA
|d LVB
|d OCLCG
|d BNY
|d GBVCP
|d NIALS
|d COF
|d DEBBG
|d Y38
|d OCLCQ
|d TUU
|d OCLCA
|d OCLCQ
|d OCLCO
|d OCLCF
|d OCLCO
|d OCLCQ
|d OCLCO
|d OCL
|d CSO
|d OCLCO
|d OCL
|d OCLCA
|d SFR
|d OCLCQ
|d NLC
|d OCLCO
|d WDA
|d PAU
|d OCLCQ
|d OCLCO
|d OCLCQ
|d XFF
|d TYC
|d OCLCQ
|d CPO
|d OCLCQ
|d OCLCO
|d AU@
|d OCLCQ
|d CPS
|d OCLCO
|d OCLCQ
|d OCLCO
|d TFW
|d QE2
|d OCLCO
|d CBA
|d OCLCO
|d OCLCQ
|d IBR
|d OCLCO
|d GZN
|d OCL
|d OCLCO
|d OCLCA
|d OCL
|d OCLCQ
|d OCLCO
|d OCLCA
|d OCLCQ
|d OCLCO
|d TXA
|
| 016 |
|
|
|a (AMICUS)000002519685
|
| 019 |
|
|
|a 7916631
|a 333204319
|a 1150832131
|
| 020 |
|
|
|a 0395308534
|
| 020 |
|
|
|a 9780395308530
|
| 020 |
|
|
|a 0395324394
|
| 020 |
|
|
|a 9780395324394
|
| 035 |
|
|
|a (OCoLC)7672079
|z (OCoLC)7916631
|z (OCoLC)333204319
|z (OCoLC)1150832131
|
| 050 |
0 |
0 |
|a PR6001.U4
|b Z636 1981
|
| 050 |
0 |
4 |
|a PS3501.U55
|b Z63
|
| 082 |
0 |
0 |
|a 821/.912
|2 19
|
| 082 |
0 |
4 |
|a B
|2 19
|
| 084 |
|
|
|a HM 1655
|2 rvk
|
| 049 |
|
|
|a TXAM
|
| 100 |
1 |
|
|a Carpenter, Humphrey,
|e author.
|
| 245 |
1 |
0 |
|a W.H. Auden, a biography /
|c by Humphrey Carpenter.
|
| 250 |
|
|
|a First American edition.
|
| 264 |
|
1 |
|a Boston :
|b Houghton Mifflin Company.,
|c 1981.
|
| 300 |
|
|
|a xvi, 495 pages, 24 unnumbered pages of plates :
|b illustrations ;
|c 24 cm
|
| 336 |
|
|
|a text
|b txt
|2 rdacontent
|
| 337 |
|
|
|a unmediated
|b n
|2 rdamedia
|
| 338 |
|
|
|a volume
|b nc
|2 rdacarrier
|
| 504 |
|
|
|a Includes bibliographical references (pages 459-462) and indexes.
|
| 520 |
|
|
|a Relates events and anecdotes of the poet's life, based on his journal, notebooks, and letters.
|
| 505 |
0 |
|
|a Preface: Auden and biography -- Part one: England -- Childhood -- School -- Poetry -- Oxford -- Berlin -- Schoolmaster -- Traveller -- Part two: America -- and Europe -- 'Chester, my chum' -- Conversion -- Crisis -- Teacher again -- Ichia -- 'A minor Atlantic Goethe' -- Return to England.
|
| 500 |
|
|
|a The Cushing Library/Women & Gender Studies copy was acquired as part of The Don Kelly Research Collection of Gay Literature and Culture.
|5 TXA
|
| 500 |
|
|
|a The Cushing Library/Basbanes collection copy is inscribed to Nicholas Basbanes by the author, contains a review slip, and is part of the Nicholas A. Basbanes Collection of Inscribed Books.
|
| 600 |
1 |
0 |
|a Auden, W. H.
|q (Wystan Hugh),
|d 1907-1973.
|
| 650 |
|
0 |
|a Poets, English
|y 20th century
|v Biography.
|
| 600 |
0 |
1 |
|a Auden
|b Wystan H.
|
| 600 |
1 |
6 |
|a Auden, W. H. (Wystan Hugh),
|d 1907-1973
|v Biographie.
|
| 650 |
|
6 |
|a Poètes anglais
|y 20e siècle
|x Biographies.
|
| 600 |
1 |
7 |
|a Auden, W. H.
|q (Wystan Hugh),
|d 1907-1973.
|2 fast
|0 (OCoLC)fst00035314
|
| 650 |
|
7 |
|a Poets, English.
|2 fast
|0 (OCoLC)fst01067870
|
| 600 |
1 |
7 |
|a Auden, Wystan H.
|d 1907-1973
|2 gnd
|0 (DE-588)118650963
|
| 650 |
|
7 |
|a Gay poets
|z England
|y 20th century
|v Biography.
|2 henn
|
| 600 |
1 |
7 |
|a Auden, Wystan H.
|2 swd
|
| 648 |
|
7 |
|a 1900-1999
|2 fast
|
| 655 |
|
7 |
|a Biographies.
|2 fast
|0 (OCoLC)fst01919896
|
| 655 |
|
7 |
|a Biographies.
|2 lcgft
|
| 700 |
1 |
|
|a Basbanes, Nicholas A.,
|d 1943-
|e former owner.
|
| 776 |
0 |
8 |
|i Online version:
|a Carpenter, Humphrey.
|t W.H. Auden, a biography.
|b 1st American ed.
|d Boston : Houghton Mifflin Co., 1981
|w (OCoLC)899944008
|
| 994 |
|
|
|a C0
|b TXA
|
| 948 |
|
|
|a updated
|b h
|c 2020/10/8
|d c
|e nbehmer
|f 2:59:15 pm
|
| 999 |
f |
f |
|s 9df6c774-ced7-3ab7-bbc4-01433bd22b0e
|i febbab5d-bf22-3487-b55e-e7c94a055c2b
|t 0
|
| 952 |
f |
f |
|p normal
|a Texas A&M University
|b College Station
|c Sterling C. Evans Library
|d Evans: Library Stacks
|t 0
|e PR6001.U4 Z636 1981
|h Library of Congress classification
|i unmediated -- volume
|m A14806186283
|
| 952 |
f |
f |
|p noncirc
|a Texas A&M University
|b College Station
|c Cushing Memorial Library & Archives
|d Cushing: Nicholas Basbanes (Does not check out)
|t 0
|e PR6001.U4 Z636 1981
|h Library of Congress classification
|i unmediated -- volume
|
| 952 |
f |
f |
|p noncirc
|a Texas A&M University
|b College Station
|c Cushing Memorial Library & Archives
|d Cushing: Women & Gender Studies (Does not check out)
|t 0
|e PR6001.U4 Z636 1981
|h Library of Congress classification
|i unmediated -- volume
|
| 998 |
f |
f |
|a PR6001.U4 Z636 1981
|t 0
|l Cushing: Women & Gender Studies (Does not check out)
|
| 998 |
f |
f |
|a PR6001.U4 Z636 1981
|t 0
|l Cushing: Nicholas Basbanes (Does not check out)
|
| 998 |
f |
f |
|a PR6001.U4 Z636 1981
|t 0
|l Evans: Library Stacks
|